Le mot Maman en plusieurs langues - Statistiques

Statistiques générales
  • Ce quiz a été pris 120 fois
  • Le résultat moyen est 14 sur 26
Statistiques - réponses
Langue Maman % Correct
Néerlandais Mammie
97%
Irlandais Máthair
97%
Maltais Omm
97%
Luxembourgeois Mama
95%
Anglais Mom
95%
Bulgare майка
94%
Grec μαμά
94%
Croate Majka
94%
Espagnol Mamá
94%
Roumain Mamă
94%
Slovène Mamka
94%
Allemand Mutti
94%
Français Maman
84%
Suédois Mor
44%
Italien Mamma
41%
Finnois äiti
38%
Turc Anne
12%
Danois Mor
10%
Portugais Mamãe
8%
Slovaque Mamu
8%
Estonien Ema
7%
Hongrois Anya
6%
Polonais Matka
3%
Tchèque Maminka
2%
Letton Māmiņa
1%
Lituanien Mamyté
0%
Aucun quiz correspondant
Distribution des résultats
% des personnes avec chaque résultat
Percentile par nombre de réponses
Votre historique - résultats
Vous n’avez pas pris ce quiz